[Event "Napoli Vomero Settembre op 5th"]
[Site "Napoli"]
[Date "2008.10.16"]
[Round "3"]
[White "Salomone, Raffaele"]
[Black "Giglio, Achille"]
[Result "1/2-1/2"]
[WhiteElo "1529"]
[BlackElo "1615"]
[PlyCount "57"]
[EventDate "2008.10.02"]
[EventType "swiss"]
[EventRounds "5"]
[EventCountry "ITA"]
[SourceTitle "EXT 2011"]
[Source "ChessBase"]
[SourceDate "2010.11.26"]
[SourceVersion "1"]
[SourceVersionDate "2010.11.26"]
[SourceQuality "1"]

1. d4 d5 2. Bf4 Bf5 3. e3 Nf6 4. h3 Nbd7 5. Nf3 h6 6. Bd3 Ne4 7. 0-0 e6 8. c4 c6 9. c5 Be7 10. Bxe4 dxe4 11. Nfd2 0-0 12. Nc3 Nf6 13. Be5 b6 14. b4 a5 15. a3 Nd5 16. Ndxe4 Bxe4 17. Nxe4 axb4 18. axb4 Nxb4 19. Rxa8 Qxa8 20. Qb3 bxc5 21. dxc5 Nd5 22. Rb1 Qa7 23. Qc2 Ra8 24. Bd6 Qd7 25. Bxe7 Qxe7 26. Nd6 f5 27. Rb7 Qf6 28. Rb1 Qe5 29. Qb2 1/2-1/2